<?xml version="1.0" encoding="UTF-8"?>
<record
    xmlns:xsi="http://www.w3.org/2001/XMLSchema-instance"
    xsi:schemaLocation="http://www.loc.gov/MARC21/slim http://www.loc.gov/standards/marcxml/schema/MARC21slim.xsd"
    xmlns="http://www.loc.gov/MARC21/slim">

  <leader>01933nam a22002417a 4500</leader>
  <controlfield tag="003">DO-SdBNP</controlfield>
  <controlfield tag="005">20250205122040.0</controlfield>
  <controlfield tag="007">ta</controlfield>
  <controlfield tag="008">210705b  2018 dr a    00| 0 eng d</controlfield>
  <datafield tag="020" ind1=" " ind2=" ">
    <subfield code="a">9789945494471</subfield>
  </datafield>
  <datafield tag="040" ind1=" " ind2=" ">
    <subfield code="a">DO-SdBNP</subfield>
    <subfield code="b">sap</subfield>
    <subfield code="c">BNPHU </subfield>
  </datafield>
  <datafield tag="082" ind1=" " ind2="4">
    <subfield code="a">BNPHU</subfield>
  </datafield>
  <datafield tag="100" ind1="1" ind2=" ">
    <subfield code="a">Sili&#xE9; Ruiz, Jos&#xE9;</subfield>
    <subfield code="9">71046</subfield>
  </datafield>
  <datafield tag="245" ind1="1" ind2="0">
    <subfield code="a">Su cerebro y usted /</subfield>
    <subfield code="c">Jos&#xE9; Sili&#xE9; Ruiz ; coordinaci&#xF3;n general y pr&#xF3;logo Margarita Cede&#xF1;o.</subfield>
  </datafield>
  <datafield tag="260" ind1=" " ind2=" ">
    <subfield code="a">Santo Domingo :</subfield>
    <subfield code="b">Serigraf,</subfield>
    <subfield code="c">2018.</subfield>
  </datafield>
  <datafield tag="300" ind1=" " ind2=" ">
    <subfield code="a">178 p. :</subfield>
    <subfield code="b">il. ; </subfield>
    <subfield code="c">22 cm. </subfield>
  </datafield>
  <datafield tag="500" ind1=" " ind2=" ">
    <subfield code="a">Incluye datos del autor en las solapas</subfield>
  </datafield>
  <datafield tag="505" ind1="0" ind2=" ">
    <subfield code="a">Pr&#xF3;logo / Margarita Cede&#xF1;o &#x2013; Presentaci&#xF3;n -- Cerebro, inteligencia e intelectualidad -- Cisticercosis cerebral -- Demencias por infartos -- &#xBF;Dr. Sili&#xE9;, cu&#xE1;ndo tendr&#xE9; Alzheimer? -- El cerebro y el vino -- El adulto hiperactivo -- El Alzheimer y su modernidad -- El beso y el cerebro -- El cerebro y la felicidad -- El cerebro y la buena comida -- El cerebro de mi nieta -- El cerebro del l&#xED;der -- El cerebro &#xE9;tico (la evoluci&#xF3;n) -- El cerebro &#xE9;tico (la conciencia) -- El cerebro &#xE9;tico (la neuro&#xE9;tica) -- El cerebro femenino -- El cerebro hetero y homosexual -- El cerebro, la felicidad y el amor -- El cerebro, la palabra y la poes&#xED;a -- El cerebro pol&#xED;tico (I) -- El cerebro pol&#xED;tico (II) -- El cerebro, el hambre y las privaciones -- El cerebro y el orgasmo -- El cerebro y la anatom&#xED;a del amor -- El cerebro, cibern&#xE9;tica y ciber&#xE9;tica -- El cerebro y la conciencia -- El cerebro y la infelicidad -- El cerebro, la audici&#xF3;n y la m&#xFA;sica -- El cerebro, dama de 50 a&#xF1;os -- Migra&#xF1;a y modernidad -- Maestro de la medicina -- Las epilepsias y la modernidad -- El Deterioro Cognitivo Ligero -- El cerebro, la serotonina y el aprendizaje -- La demencia, la vejez y la neuropenalidad.</subfield>
  </datafield>
  <datafield tag="590" ind1=" " ind2=" ">
    <subfield code="a">Inventariado, 2021 /LP

</subfield>
  </datafield>
  <datafield tag="700" ind1="1" ind2=" ">
    <subfield code="a">Cede&#xF1;o de Fern&#xE1;ndez, Margarita</subfield>
    <subfield code="d">1965-</subfield>
    <subfield code="e">pr&#xF3;l.</subfield>
    <subfield code="9">37198</subfield>
  </datafield>
  <datafield tag="910" ind1=" " ind2=" ">
    <subfield code="a">LP&#xE9;rez</subfield>
  </datafield>
  <datafield tag="942" ind1=" " ind2=" ">
    <subfield code="2">ddc</subfield>
    <subfield code="c">LBS1</subfield>
  </datafield>
  <datafield tag="952" ind1=" " ind2=" ">
    <subfield code="0">0</subfield>
    <subfield code="1">0</subfield>
    <subfield code="2">ddc</subfield>
    <subfield code="7">1</subfield>
    <subfield code="8">PD</subfield>
    <subfield code="a">BNPHU</subfield>
    <subfield code="b">PD</subfield>
    <subfield code="c">HD</subfield>
    <subfield code="d">2021-07-05</subfield>
    <subfield code="e">Dep&#xF3;sito Legal </subfield>
    <subfield code="l">0</subfield>
    <subfield code="o"> BNPHU PD</subfield>
    <subfield code="p">2021-2397</subfield>
    <subfield code="r">2021-07-05</subfield>
    <subfield code="w">2021-07-05</subfield>
    <subfield code="y">LFPD</subfield>
  </datafield>
  <datafield tag="952" ind1=" " ind2=" ">
    <subfield code="0">0</subfield>
    <subfield code="1">0</subfield>
    <subfield code="2">ddc</subfield>
    <subfield code="7">2</subfield>
    <subfield code="8">PD</subfield>
    <subfield code="a">BNPHU</subfield>
    <subfield code="b">PD</subfield>
    <subfield code="c">HD</subfield>
    <subfield code="d">2021-07-05</subfield>
    <subfield code="e">Dep&#xF3;sito Legal </subfield>
    <subfield code="l">0</subfield>
    <subfield code="o">BNPHU PD</subfield>
    <subfield code="p">2021-2398</subfield>
    <subfield code="r">2021-07-05</subfield>
    <subfield code="t">e.2</subfield>
    <subfield code="w">2021-07-05</subfield>
    <subfield code="y">LFPD</subfield>
  </datafield>
  <datafield tag="952" ind1=" " ind2=" ">
    <subfield code="0">0</subfield>
    <subfield code="1">0</subfield>
    <subfield code="2">ddc</subfield>
    <subfield code="7">5</subfield>
    <subfield code="8">DS</subfield>
    <subfield code="a">BNPHU</subfield>
    <subfield code="b">DO</subfield>
    <subfield code="c">HD</subfield>
    <subfield code="d">2021-07-05</subfield>
    <subfield code="e">Dep&#xF3;sito Legal </subfield>
    <subfield code="l">0</subfield>
    <subfield code="o">BNPHU DS</subfield>
    <subfield code="p">2021-2399</subfield>
    <subfield code="r">2021-07-05</subfield>
    <subfield code="t">e.3</subfield>
    <subfield code="w">2021-07-05</subfield>
    <subfield code="y">LFDS</subfield>
  </datafield>
  <datafield tag="999" ind1=" " ind2=" ">
    <subfield code="c">50050</subfield>
    <subfield code="d">50050</subfield>
  </datafield>
</record>
